{"text_format":"3","workbook":"xlsx","n_sheets":2,"sheets":["Протокол ШЭ ВОШ по предмету","Лист1"],"not_rendered":{"defined_names":2},"read":"whole","date_system":"1900"}

{"sheet":"Протокол ШЭ ВОШ по предмету","index":0,"n_rows":70,"n_cols":14,"rows_kept":70}
["№","Код ОО","Наименование ОО","Фамилия","Имя","Пол","Участник с ОВЗ (да/нет)","Класс обучения","Класс участия","Балл","Добавлено баллов по итогам апелляций","Итоговый балл","Максимальный балл","Статус"]
[1,160420,"муниципальное бюджетное общеобразовательное учреждение «Средняя общеобразовательная школа №20» г. Альметьевска Республики Татарстан","Сайфуллин","Риналь","М","нет",7,7,17,null,null,100,"участник"]
[2,160420,"муниципальное бюджетное общеобразовательное учреждение «Средняя общеобразовательная школа №20» г. Альметьевска Республики Татарстан","Ибрагимов","Данияр","М","нет",7,7,14,null,null,100,"участник"]
[3,160420,"муниципальное бюджетное общеобразовательное учреждение «Средняя общеобразовательная школа №20» г. Альметьевска Республики Татарстан","Десятников","Данил","М","нет",7,7,14,null,null,100,"участник"]
[4,160102,"Муниципальное автономное общеобразовательное учреждение \"Лицей №2\" г.Альметьевска Республики Татарстан","Солдатов","Владислав","М","нет",7,7,29,null,null,100,"участник"]
[5,160458,"Муниципальное автономное общеобразовательное учреждение \"Полилингвальная гимназия \"Адымнар-Альметьевск\" города Альметьевск Республики Татарстан","Алтынбаева","Фарида","Ж","нет",7,7,20,null,null,100,"участник"]
[6,160403,"Муниципальное бюджетное общеобразовательное учреждение «Средняя общеобразовательная школа №3» г. Альметьевска Республики Татарстан","Емельдяжева","Виолетта","Ж","нет",7,7,3,null,null,100,"участник"]
[7,160403,"Муниципальное бюджетное общеобразовательное учреждение «Средняя общеобразовательная школа №3» г. Альметьевска Республики Татарстан","Черникова","Злата","Ж","нет",7,7,8,null,null,100,"участник"]
[8,160405,"Муниципальное автономное общеобразовательное учреждение «Гимназия №5» г. Альметьевска РТ","Хайруллин","Даниль","М","нет",7,7,16,null,null,100,"участник"]
[9,160458,"Муниципальное автономное общеобразовательное учреждение  \"Полингвальная гимназия Адымнар Альметьевск\"","Ахтямов","Аяз","М","нет",6,7,20,null,null,100,"участник"]
[10,160417,"Муниципальное автономное общеобразовательное учреждение «Средняя общеобразовательная школа №17»г. Альметьевска Республики Татарстан","Маликова","Аделя","Ж","нет",7,7,16,null,null,100,"участник"]
[11,160406,"Муниципальное бюджетное общеобразовательное учреждение «Средняя общеобразовательная школа №6» г.Альметьевска Республики Татарстан","Сипатрова","Полина","Ж","нет",8,8,18,null,null,100,"участник"]
[12,160407,"муниципальное автономное общеобразовательное учреждение \"Средняя общеобразовательная школа №7\" г.Альметьевска Республики Татарстан","Гадиев","Дамир","М","нет",8,8,43,null,null,100,"участник"]
[13,160416,"МАОУ «Средняя общеобразовательная школа №16» г. Альметьевска Республики Татарстан (Школа - центр компетенции в электронном образовании)","Матмурадов","Булат","М","нет",8,8,10,null,null,100,"участник"]
[14,160426,"Муниципальное автономное общеобразовательное учреждение «Инженерный лицей» г.Альметьевска Республики Татарстан","Бильданова","Амина","Ж","нет",8,8,36,null,null,100,"участник"]
[15,160102,"Муниципальное автономное общеобразовательное учреждение \"Лицей №2\" г.Альметьевска Республики Татарстан","Тухбатуллин","Амир","М","нет",8,8,28,null,null,100,"участник"]
[16,160458,"Муниципальное автономное общеобразовательное учреждение \"Полилингвальная гимназия \"Адымнар-Альметьевск\" города Альметьевск Республики Татарстан","Зайнуллин","Азат","М","нет",8,8,20,null,null,100,"участник"]
[17,160410,"Муниципальное автономное общеобразовательное учреждение \"Средняя общеобразовательная школа №10 с углубленным изучением отдельных предметов\" города Альметьевска РТ","Алаев","Юрий","М","нет",8,8,51,null,null,100,"призер"]
[18,160410,"Муниципальное автономное общеобразовательное учреждение \"Средняя общеобразовательная школа №10 с углубленным изучением отдельных предметов\" города Альметьевска РТ","Валиахметова","Карина","Ж","нет",8,8,9,null,null,100,"участник"]
[19,160424,"Муниципальное бюджетное общеобразовательное учреждение «Средняя общеобразовательная школа №24» г. Альметьевска Республики Татарстан","Приходько ","Полина ","Ж","нет",8,8,15,null,null,100,"участник"]
[20,160101,"Муниципальное бюджетное общеобразовательное учреждение «Гимназия №1 им.Р. Фахретдина» г.Альметьевска Республики Татарстан","Хайдарова","Гульназ","Ж","нет",8,8,22,null,null,100,"участник"]
[21,160102,"Муниципальное автономное общеобразовательное учреждение \"Лицей №2\" г.Альметьевска Республики Татарстан","Рамазанова","Азалия","Ж","нет",7,8,23,null,null,100,"участник"]
[22,160415,"МБОУ «Средняя общеобразовательная школа №15» г.Альметьевска Республики Татарстан","Егорова","Анастасия","Ж","нет",9,9,15,null,null,100,"участник"]
[23,160415,"МБОУ «Средняя общеобразовательная школа №15» г.Альметьевска Республики Татарстан","Давлетшин","Марат","М","нет",9,9,20,null,null,100,"участник"]
[24,160102,"Муниципальное автономное общеобразовательное учреждение \"Лицей №2\" г.Альметьевска Республики Татарстан","Ахмадиев","Шамиль","М","нет",9,9,54,null,null,100,"призер"]
[25,160102,"Муниципальное автономное общеобразовательное учреждение \"Лицей №2\" г.Альметьевска Республики Татарстан","Асреева","Алиша","Ж","нет",9,9,61,null,null,100,"призер"]
[26,160102,"Муниципальное автономное общеобразовательное учреждение \"Лицей №2\" г.Альметьевска Республики Татарстан","Шарифуллина","Алия","Ж","нет",9,9,69,1,70,100,"победитель"]
[27,160102,"Муниципальное автономное общеобразовательное учреждение \"Лицей №2\" г.Альметьевска Республики Татарстан","Уланов","Павел","М","нет",9,9,84,null,null,100,"победитель"]
[28,160102,"Муниципальное автономное общеобразовательное учреждение \"Лицей №2\" г.Альметьевска Республики Татарстан","Каюмов","Руслан","М","нет",9,9,14,null,null,100,"участник"]
[29,160403,"Муниципальное бюджетное общеобразовательное учреждение «Средняя общеобразовательная школа №3» г. Альметьевска Республики Татарстан","Трофимова","София","Ж","нет",9,9,16,null,null,100,"участник"]
[30,160412,"Муниципальное бюджетное общеобразовательное учреждение «Средняя общеобразовательная школа №12» г.Альметьевска Республики Татарстан","Асылова","Назиля","Ж","нет",9,9,47,null,null,100,"участник"]
[31,160424,"Муниципальное бюджетное общеобразовательное учреждение «Средняя общеобразовательная школа №24» г. Альметьевска Республики Татарстан","Горячева","Софья","Ж","нет",9,9,16,null,null,100,"участник"]
[32,160424,"Муниципальное бюджетное общеобразовательное учреждение «Средняя общеобразовательная школа №24» г. Альметьевска Республики Татарстан","Бусканова","Суфия","Ж","нет",9,9,14,null,null,100,"участник"]
[33,160424,"Муниципальное бюджетное общеобразовательное учреждение «Средняя общеобразовательная школа №24» г. Альметьевска Республики Татарстан","Левизаков","Ярослав","М","нет",9,9,16,null,null,100,"участник"]
[34,160417,"Муниципальное автономное общеобразовательное учреждение «Средняя общеобразовательная школа №17»г. Альметьевска Республики Татарстан","Мухаметдинов","Карим","М","нет",9,9,20,null,null,100,"участник"]
[35,160417,"Муниципальное автономное общеобразовательное учреждение «Средняя общеобразовательная школа №17»г. Альметьевска Республики Татарстан","Милютина","Юлия","Ж","нет",9,9,46,null,null,100,"участник"]
[36,160417,"Муниципальное автономное общеобразовательное учреждение «Средняя общеобразовательная школа №17»г. Альметьевска Республики Татарстан","Ахметова","Элина","Ж","нет",9,9,48,null,null,100,"участник"]
[37,160423,"Частное общеобразовательное учреждение «Средняя школа №23 «Менеджер»","Медведева","Мария","Ж","нет",9,9,46,null,null,100,"участник"]
[38,160416,"МАОУ «Средняя общеобразовательная школа №16» г. Альметьевска Республики Татарстан (Школа - центр компетенции в электронном образовании)","Хадиев","Рамазан","М","нет",9,9,55,null,null,100,"призер"]
[39,160404,"Муниципальное бюджетное общеобразовательное учреждение «Средняя общеобразовательная школа №4» г.Альметьевска Республики Татарстан","Миннахметов","Юнус","М","нет",9,9,33,null,null,100,"участник"]
[40,160417,"Муниципальное автономное общеобразовательное учреждение «Средняя общеобразовательная школа №17»г. Альметьевска Республики Татарстан","Хайруллина","Карина","Ж","нет",10,10,28,null,null,100,"участник"]
[41,160407,"муниципальное автономное общеобразовательное учреждение \"Средняя общеобразовательная школа №7\" г.Альметьевска Республики Татарстан","Нигматов","Булат","М","нет",10,10,27,null,null,100,"участник"]
[42,160416,"МАОУ «Средняя общеобразовательная школа №16» г. Альметьевска Республики Татарстан (Школа - центр компетенции в электронном образовании)","Антропова","Анфиса","Ж","нет",10,10,38,null,null,100,"участник"]
[43,160420,"муниципальное бюджетное общеобразовательное учреждение «Средняя общеобразовательная школа №20» г. Альметьевска Республики Татарстан","Сафронюк","Виктория","Ж","нет",10,10,21,null,null,100,"участник"]
[44,160420,"муниципальное бюджетное общеобразовательное учреждение «Средняя общеобразовательная школа №20» г. Альметьевска Республики Татарстан","Рахимова","Евгения","Ж","нет",10,10,11,null,null,100,"участник"]
[45,160420,"муниципальное бюджетное общеобразовательное учреждение «Средняя общеобразовательная школа №20» г. Альметьевска Республики Татарстан","Гараева","Руфина","Ж","нет",10,10,14,null,null,100,"участник"]
[46,160427,"Муниципальное бюджетное общеобразовательное учреждение «Абдрахмановская средняя общеобразовательная школа» Альметьевского муниципального района РТ","Гайсина","Азалия","Ж","нет",10,10,46,null,null,100,"участник"]
[47,160402,"Муниципальное бюджетное общеобразовательное учреждение «Нижнемактаминская средняя общеобразовательная школа №2» Альметьевского муниципального района Республики Татарстан","Васянина","Анастасия","Ж","нет",10,10,12,null,null,100,"участник"]
[48,160102,"Муниципальное автономное общеобразовательное учреждение \"Лицей №2\" г.Альметьевска Республики Татарстан","Хафизов","Данияр","М","нет",10,10,26,null,null,100,"участник"]
[49,160410,"Муниципальное автономное общеобразовательное учреждение \"Средняя общеобразовательная школа №10 с углубленным изучением отдельных предметов\" города Альметьевска РТ","Назаров","Илья","М","нет",10,10,18,null,null,100,"участник"]
[50,160410,"Муниципальное автономное общеобразовательное учреждение \"Средняя общеобразовательная школа №10 с углубленным изучением отдельных предметов\" города Альметьевска РТ","Казанский","Евгений","М","нет",10,10,33,null,null,100,"участник"]
[51,160405,"Муниципальное автономное общеобразовательное учреждение «Гимназия №5» г. Альметьевска РТ","Сабиров","Шамиль","М","нет",10,10,28,null,null,100,"участник"]
[52,160405,"Муниципальное автономное общеобразовательное учреждение «Гимназия №5» г. Альметьевска РТ","Егорова","Арина","Ж","нет",10,10,72,null,null,100,"победитель"]
[53,160101,"Муниципальное бюджетное общеобразовательное учреждение «Гимназия №1 им.Р. Фахретдина» г.Альметьевска Республики Татарстан","Зарипов","Ратмир","М","нет",10,10,66,null,null,100,"призер"]
[54,160101,"Муниципальное бюджетное общеобразовательное учреждение «Гимназия №1 им.Р. Фахретдина» г.Альметьевска Республики Татарстан","Рафикова","Эльмира","Ж","нет",10,10,18,null,null,100,"участник"]
[55,160417,"Муниципальное автономное общеобразовательное учреждение «Средняя общеобразовательная школа №17»г. Альметьевска Республики Татарстан","Нарзиева","Камилда","Ж","нет",11,11,34,null,null,100,"участник"]
[56,160420,"муниципальное бюджетное общеобразовательное учреждение «Средняя общеобразовательная школа №20» г. Альметьевска Республики Татарстан","Гибадуллин","Тимур","М","нет",11,11,16,null,null,100,"участник"]
[57,160420,"муниципальное бюджетное общеобразовательное учреждение «Средняя общеобразовательная школа №20» г. Альметьевска Республики Татарстан","Остапенко","Герман","М","нет",11,11,36,null,null,100,"участник"]
[58,160423,"Частное общеобразовательное учреждение «Средняя школа №23 «Менеджер»","Мухамадиев","Ринат","М","нет",11,11,50,null,null,100,"призер"]
[59,160423,"Частное общеобразовательное учреждение «Средняя школа №23 «Менеджер»","Миллер","Леонид","М","нет",11,11,51,null,null,100,"призер"]
[60,160402,"Муниципальное бюджетное общеобразовательное учреждение «Нижнемактаминская средняя общеобразовательная школа №2» Альметьевского муниципального района Республики Татарстан","Зарипова","Гульнар","Ж","нет",11,11,46,null,null,100,"участник"]
[61,160102,"Муниципальное автономное общеобразовательное учреждение \"Лицей №2\" г.Альметьевска Республики Татарстан","Нойкин","Григорий","М","нет",11,11,70,null,null,100,"победитель"]
[62,160410,"Муниципальное автономное общеобразовательное учреждение \"Средняя общеобразовательная школа №10 с углубленным изучением отдельных предметов\" города Альметьевска РТ","Бахорина","Анастаси","Ж","нет",11,11,68,null,null,100,"призер"]
[63,160424,"Муниципальное бюджетное общеобразовательное учреждение «Средняя общеобразовательная школа №24» г. Альметьевска Республики Татарстан","Хабибуллин","Данир","М","нет",11,11,32,null,null,100,"участник"]
[64,160424,"Муниципальное бюджетное общеобразовательное учреждение «Средняя общеобразовательная школа №24» г. Альметьевска Республики Татарстан","Титов","Кирилл","М","нет",11,11,33,null,null,100,"участник"]
[65,160404,"Муниципальное бюджетное общеобразовательное учреждение «Средняя общеобразовательная школа №4» г.Альметьевска Республики Татарстан","Багдатов","Азат","М","нет",11,11,11,null,null,100,"участник"]
[66,160415,"МБОУ «Средняя общеобразовательная школа №15» г.Альметьевска Республики Татарстан","Сафаров","Аждар","Ж","нет",11,11,33,null,null,100,"участник"]
[67,160415,"МБОУ «Средняя общеобразовательная школа №15» г.Альметьевска Республики Татарстан","Харисов","Артур","М","нет",11,11,12,null,null,100,"участник"]
[68,160425,"МБОУ \"СОШ № 25 ии. 70-летия нефти Татарстана\"","Багманова","Альбина","Ж","нет",11,11,17,null,null,100,"участник"]
[69,160101,"МБОУ \"Гимназия №1 им.Р. Фахретдина\"","Хайруллина","Гузаль","Ж","нет",11,11,14,null,null,100,"участник"]

{"sheet":"Лист1","index":1,"n_rows":0,"n_cols":0,"rows_kept":0}